[Event "Tournoi francophone 011"]
[Site "Skype"]
[Date "????.??.??"]
[Round "3.24"]
[White "De Fazio, Monica"]
[Black "Hampton, Irene"]
[Result "1-0"]
[WhiteElo "1136"]
[BlackElo "1000"]
[PlyCount "57"]

1. e4 e5 2. Bc4 Qe7 3. Qe2 a6 4. Nf3 b5 5. Bb3 Nf6 6. Nc3 Nc6 7. O-O Bb7 8. a3
g6 9. Ng5 Bh6 10. Nxf7 Qf8 11. Nxh8 Qxh8 12. Nd5 Nd4 13. Nxc7+ Ke7 14. Qd1 Rc8
15. Nd5+ Bxd5 16. exd5 Nxb3 17. cxb3 d6 18. a4 b4 19. Qf3 Rc5 20. d4 Rxc1 21.
Raxc1 Bxc1 22. Rxc1 Qg8 23. Rc7+ Kd8 24. Rc6 Qf8 25. dxe5 Qe7 26. Rxd6+ Kc7 27.
Qd1 Qxe5 28. Re6 Nxd5 29. Rxe5 1-0

[Event "Tournoi francophone 011"]
[Site "Skype"]
[Date "????.??.??"]
[Round "3.25"]
[White "Tolaro, Filippa"]
[Black "Trapletti, Cosetta"]
[Result "0-1"]
[WhiteElo "1000"]
[BlackElo "1047"]
[PlyCount "100"]

1. d4 d5 2. Bf4 Bf5 3. e3 Nf6 4. c4 e6 5. Nf3 Nc6 6. Nc3 Be7 7. Be2 O-O 8. O-O
h6 9. Rc1 Nb4 10. a3 Nc6 11. h3 Rc8 12. cxd5 exd5 13. Bb5 Qd7 14. Ne5 Qd6 15.
Re1 g6 16. Nxc6 Qd7 17. Nxe7+ Qxe7 18. g4 Bd7 19. Nxd5 Nxd5 20. Bxh6 Rfe8 21.
Bxd7 Qxd7 22. b4 Qe7 23. Qe2 Kh7 24. Bf4 Nxf4 25. exf4 Qh4 26. Kg2 Rxe2 27.
Rxe2 Kg7 28. Rd1 Rh8 29. Re3 c6 30. Kf3 Qxh3+ 31. Ke2 Qxg4+ 32. f3 Qxf4 33. b5
Rh2+ 34. Kd3 Qf5+ 35. Re4 Qxf3+ 36. Re3 Qxd1+ 37. Ke4 f5+ 38. Ke5 Qd2 39. Rg3
g5 40. Kxf5 Rf2+ 41. Ke5 Qe2+ 42. Kd6 Rf6+ 43. Kc5 Qc2+ 44. Kb4 Qb2+ 45. Kc4 b6
46. Rxg5+ Kh6 47. Re5 Rf4 48. Re6+ Kg5 49. bxc6 Qxd4+ 50. Kb5 Qc4# 0-1

[Event "Tournoi francophone 011"]
[Site "Skype"]
[Date "????.??.??"]
[Round "4.1"]
[White "Siret, Bernard"]
[Black "Hilton, Stephen"]
[Result "1-0"]
[WhiteElo "2063"]
[BlackElo "1799"]
[PlyCount "75"]

1. e4 Nf6 2. Nc3 d5 3. d4 e6 4. f3 Be7 5. Be3 b6 6. Bd3 Ba6 7. Nge2 c5 8. e5
Nfd7 9. Bxa6 Nxa6 10. O-O Nc7 11. a4 O-O 12. g4 f5 13. f4 fxg4 14. Ng3 Rc8 15.
Qxg4 cxd4 16. Bxd4 Bc5 17. Bxc5 Nxc5 18. f5 exf5 19. Nxf5 Qd7 20. h3 Kh8 21.
Nd6 Qxg4+ 22. hxg4 Rb8 23. Ncb5 Nxb5 24. axb5 Rxf1+ 25. Kxf1 Rf8+ 26. Kg2 Rf4
27. Kg3 g5 28. Rxa7 Ne4+ 29. Kh3 Nf2+ 30. Kg2 Nxg4 31. e6 Ne3+ 32. Kh3 Rf3+ 33.
Kh2 Nf1+ 34. Kg2 g4 35. e7 Ne3+ 36. Kh2 Rh3+ 37. Kg1 Rg3+ 38. Kf2 1-0

[Event "Tournoi francophone 011"]
[Site "Skype"]
[Date "????.??.??"]
[Round "4.2"]
[White "Rapaire, Jean-Michel"]
[Black "Lambert, Pierre"]
[Result "1-0"]
[WhiteElo "1701"]
[BlackElo "1902"]
[PlyCount "99"]

1. e4 c5 2. Nf3 Nc6 3. Bb5 a6 4. Bxc6 bxc6 5. c4 e6 6. O-O d6 7. d3 Be7 8. Nc3
Bf6 9. Qc2 Ne7 10. Bg5 Bxg5 11. Nxg5 Ng6 12. Nf3 O-O 13. Ne2 e5 14. h3 Qf6 15.
Nh2 Rb8 16. b3 Bd7 17. Qd2 Nh4 18. Qe3 Rfe8 19. f4 exf4 20. Qxf4 Qxf4 21. Nxf4
f5 22. Rae1 fxe4 23. dxe4 Re5 24. Nf3 Nxf3+ 25. Rxf3 Rbe8 26. Rd1 Rxe4 27. Rxd6
Rd4 28. Rd3 Rxd3 29. Nxd3 Bf5 30. Nxc5 Re2 31. Rxc6 Rxa2 32. Rxa6 Rb2 33. Ra7
Bc2 34. Rb7 Bg6 35. Kh2 Bh5 36. Kg3 Be2 37. h4 Bf1 38. Ne6 Rxg2+ 39. Kf4 Rg6
40. Rb8+ Kf7 41. Ng5+ Ke7 42. Nxh7 Bd3 43. Ng5 Be2 44. c5 Kd7 45. b4 Kc7 46.
Re8 Bc4 47. Ke3 Rh6 48. Re4 Bd5 49. Rd4 Rc6 50. Kd3 1-0

[Event "Tournoi francophone 011"]
[Site "Skype"]
[Date "????.??.??"]
[Round "4.3"]
[White "Legueltel, Daniel"]
[Black "Khabou, Taha"]
[Result "1-0"]
[WhiteElo "1617"]
[BlackElo "1547"]
[PlyCount "181"]

1. d4 e6 2. c4 d5 3. Nc3 Nf6 4. Bg5 Be7 5. e3 h6 6. Bh4 Nbd7 7. Nf3 c5 8. Rc1
cxd4 9. exd4 dxc4 10. Bxc4 O-O 11. O-O b6 12. Re1 Bb7 13. Ne5 Rc8 14. Bb5 Bb4
15. Nxd7 g5 16. Nxf6+ Qxf6 17. Bg3 Qd8 18. Bf1 Bd6 19. Bxd6 Qxd6 20. Ne4 Bxe4
21. Rxe4 Qd5 22. Rxc8 Rxc8 23. Re3 Qf5 24. Qh5 Kg7 25. Rf3 Qg6 26. Qxg6+ Kxg6
27. Ra3 Rc7 28. f3 Kf6 29. Bd3 Rd7 30. Ra4 e5 31. dxe5+ Kxe5 32. Bb5 Rd1+ 33.
Kf2 Rd2+ 34. Kg3 Rxb2 35. Be8 a5 36. Bxf7 Kf6 37. Bb3 Rd2 38. Rc4 Rd6 39. Rc7
h5 40. h4 gxh4+ 41. Kxh4 Rd4+ 42. Kh3 b5 43. Bf7 Rd2 44. Bxh5 Rxa2 45. g4 Ra1
46. Kg3 Rd1 47. Rf7+ Ke6 48. g5 b4 49. g6 Rd8 50. g7 Rg8 51. Ra7 Kf6 52. Rxa5
Rxg7+ 53. Bg4 Rb7 54. Kf4 b3 55. Ra1 b2 56. Rb1 Rb4+ 57. Ke3 Ke5 58. Kd3 Rb6
59. Kc2 Kf4 60. Rxb2 Rd6 61. Rb4+ Kg3 62. Rb3 Kf4 63. Rb4+ Kg3 64. Rb5 Kf4 65.
Rf5+ Ke3 66. Rf8 Rd2+ 67. Kc3 Rf2 68. Kc4 Rd2 69. Bc8 Rd1 70. Kc5 Rd2 71. f4
Rf2 72. f5 Ke4 73. Kd6 Rd2+ 74. Ke7 Ke5 75. f6 Rg2 76. f7 Rf2 77. Rh8 Kd4 78.
f8=Q Rxf8 79. Rxf8 Kd5 80. Rf4 Kc5 81. Ke6 Kc6 82. Re4 Kc7 83. Bd7 Kb8 84. Rb4+
Kc7 85. Rc4+ Kb6 86. Kd6 Kb7 87. Rc5 Kb6 88. Rb5+ Ka7 89. Kc7 Ka6 90. Bc6 Ka7
91. Ra5# 1-0

[Event "Tournoi francophone 011"]
[Site "Skype"]
[Date "????.??.??"]
[Round "4.4"]
[White "Vincent, Andre"]
[Black "Deville, Olivier"]
[Result "0-1"]
[WhiteElo "1358"]
[BlackElo "2081"]
[PlyCount "68"]

1. d4 Nf6 2. Bf4 e6 3. Nf3 c5 4. c3 Nc6 5. e3 Nh5 6. Bg3 Nxg3 7. hxg3 d5 8. Bb5
Bd7 9. Nbd2 Rc8 10. a3 Be7 11. Bxc6 bxc6 12. Ne5 Bf6 13. Ndf3 cxd4 14. Qxd4 Qc7
15. Qf4 c5 16. Nxd7 Qxf4 17. gxf4 Kxd7 18. Rd1 Ke7 19. g4 g6 20. g5 Bg7 21. Nh2
h5 22. Nf3 Rb8 23. Rd2 Rxb2 24. Ne5 Bxe5 25. fxe5 Rb1+ 26. Rd1 Rhb8 27. O-O
Rxd1 28. Rxd1 Rb3 29. Rc1 Rxa3 30. Rc2 a5 31. Kf1 c4 32. f3 a4 33. Kf2 Rb3 34.
e4 a3 0-1

[Event "Tournoi francophone 011"]
[Site "Skype"]
[Date "????.??.??"]
[Round "4.5"]
[White "Couto, Januario"]
[Black "Le Brun, Yves"]
[Result "1-0"]
[WhiteElo "1448"]
[BlackElo "1719"]
[PlyCount "91"]

1. e4 d6 2. d4 g6 3. Bc4 Bg7 4. Nf3 Nf6 5. Nbd2 Nbd7 6. O-O O-O 7. Re1 e5 8. c3
h6 9. Nf1 Nb6 10. Bb3 Re8 11. dxe5 dxe5 12. Qxd8 Rxd8 13. Nxe5 Be6 14. Bxe6
fxe6 15. Be3 Kh7 16. Ng3 Nxe4 17. Nxe4 Bxe5 18. Bxb6 axb6 19. Ng5+ hxg5 20.
Rxe5 Rd6 21. Rxg5 Kh6 22. Re5 Rf8 23. h3 g5 24. Rae1 Rf6 25. f3 Kg6 26. c4 c5
27. b3 Kg7 28. R5e2 Kf7 29. g3 Rxf3 30. Rf2 Rxf2 31. Kxf2 Kf6 32. Kf3 Rd4 33.
Re4 Rd2 34. Re2 Rd6 35. g4 Rd4 36. Ke3 e5 37. Rf2+ Ke6 38. Rf5 e4 39. Rxg5 Rd3+
40. Kxe4 Rxh3 41. Rg6+ Kd7 42. Rxb6 Kc7 43. Rb5 Kc6 44. a3 Rh7 45. g5 Rf7 46.
Ke5 1-0

[Event "Tournoi francophone 011"]
[Site "Skype"]
[Date "????.??.??"]
[Round "4.6"]
[White "Gerbaux, Regis"]
[Black "Ambrosino, Theo"]
[Result "0-1"]
[WhiteElo "1404"]
[BlackElo "1675"]
[PlyCount "82"]

1. d4 Nf6 2. Bf4 e6 3. e3 d5 4. a3 Bd6 5. Bg3 O-O 6. Nd2 b6 7. Bd3 Bb7 8. Ngf3
Nbd7 9. Ne5 c5 10. c3 Qc7 11. f4 Rac8 12. Rf1 Ne8 13. f5 Nxe5 14. dxe5 Bxe5 15.
Qg4 Nf6 16. Qh4 h6 17. O-O-O d4 18. exd4 cxd4 19. Bxe5 Qxe5 20. Rde1 Qd6 21.
Nc4 Qd8 22. fxe6 dxc3 23. Rd1 cxb2+ 24. Kxb2 Qe7 25. Rc1 Qxe6 26. Rfe1 Qc6 27.
Rc2 Qb5+ 28. Ka2 Qd5 29. Rd1 Qe6 30. Re1 Qg4 31. Qxg4 Nxg4 32. Bf5 Nxh2 33.
Bxc8 Rxc8 34. Re7 Bd5 35. Kb3 b5 36. Rxa7 bxc4+ 37. Kc3 Nf1 38. Re7 Ng3 39. Rd7
Be6 40. Rd4 Nf5 41. Rd3 cxd3+ 0-1

[Event "Tournoi francophone 011"]
[Site "Skype"]
[Date "????.??.??"]
[Round "4.8"]
[White "Duthoit, Bernard"]
[Black "Bourdeau, Yvan"]
[Result "0-1"]
[WhiteElo "1378"]
[BlackElo "1662"]
[PlyCount "50"]

1. e4 e5 2. Nf3 Nf6 3. Nc3 Nc6 4. Bb5 d6 5. Bxc6+ bxc6 6. d3 h6 7. O-O Bg4 8.
h3 Be6 9. Ne2 Be7 10. Re1 O-O 11. Ng3 Re8 12. Nh2 Bf8 13. f4 exf4 14. Bxf4 Rb8
15. b3 Qd7 16. Nh5 Qe7 17. Rf1 Nxh5 18. Qxh5 Rb5 19. Qe2 g6 20. Rf3 Bg7 21. Rb1
Rbb8 22. Rg3 Qf8 23. c4 c5 24. Ng4 h5 25. Be3 hxg4 0-1

[Event "Tournoi francophone 011"]
[Site "Skype"]
[Date "????.??.??"]
[Round "4.9"]
[White "Gharbi, Said"]
[Black "Poureau, Pascal"]
[Result "1-0"]
[WhiteElo "1598"]
[BlackElo "1441"]
[PlyCount "49"]

1. e4 e5 2. f4 Qh4+ 3. g3 Qf6 4. fxe5 Qxe5 5. Bg2 Nf6 6. d4 Bb4+ 7. c3 Qa5 8.
cxb4 Qxb4+ 9. Nc3 Nc6 10. Nge2 d6 11. O-O Bg4 12. Rf4 Qc4 13. e5 dxe5 14. dxe5
Qc5+ 15. Be3 Qxe3+ 16. Kh1 Nxe5 17. Bxb7 Rd8 18. Qf1 c6 19. Re1 Bf3+ 20. Rxf3
Nxf3 21. Bxc6+ Ke7 22. Bxf3 Ng4 23. Bxg4 Qg5 24. Nf4+ Kd6 25. Ne4+ 1-0

[Event "Tournoi francophone 011"]
[Site "Skype"]
[Date "????.??.??"]
[Round "4.10"]
[White "Guillaume, Mickael"]
[Black "De Coninck, Philippe"]
[Result "1-0"]
[WhiteElo "1592"]
[BlackElo "1352"]
[PlyCount "41"]

1. e4 e5 2. Nf3 Nc6 3. Bc4 Nd4 4. O-O Bc5 5. Nxe5 d5 6. Bxd5 Be6 7. Bxe6 fxe6
8. c3 Nb5 9. Qb3 c6 10. Qxe6+ Qe7 11. Qxe7+ Bxe7 12. d4 Nf6 13. Re1 O-O 14. Nd3
Rf7 15. e5 Ne8 16. Bf4 a6 17. Nd2 Nbc7 18. Ne4 Ne6 19. Bg3 N8c7 20. Nd6 Bxd6
21. exd6 1-0

[Event "Tournoi francophone 011"]
[Site "Skype"]
[Date "????.??.??"]
[Round "4.11"]
[White "Le Bouill, Pierre"]
[Black "Marino, Giuseppe"]
[Result "0-1"]
[WhiteElo "1198"]
[BlackElo "1466"]
[PlyCount "68"]

1. Nf3 Nf6 2. g3 b6 3. Bg2 Bb7 4. O-O e6 5. d3 d6 6. Nbd2 e5 7. b3 Be7 8. Bb2
O-O 9. Nh4 Bxg2 10. Nxg2 Nbd7 11. e4 Qc8 12. Nh4 Re8 13. Nf5 g6 14. Nh6+ Kg7
15. Ng4 Nxg4 16. Qxg4 Nf6 17. Qxc8 Raxc8 18. d4 Nd7 19. Nf3 Bf6 20. Rab1 exd4
21. Nxd4 Rxe4 22. Nc6 Bxb2 23. Rxb2 a5 24. Rbb1 Rce8 25. Rbd1 Ne5 26. Nxe5
R8xe5 27. c4 Re2 28. a4 Kf8 29. h3 Rb2 30. Rb1 Ree2 31. Rfd1 Rxf2 32. Rxb2 Rxb2
33. Rd4 Rxb3 34. g4 Rxh3 0-1

[Event "Tournoi francophone 011"]
[Site "Skype"]
[Date "????.??.??"]
[Round "4.12"]
[White "Tamditi, Ibrahim"]
[Black "Amato, Ludovica"]
[Result "1/2-1/2"]
[WhiteElo "1456"]
[BlackElo "1368"]
[PlyCount "135"]

1. Nf3 d5 2. g3 Nf6 3. Bg2 Nc6 4. b3 h6 5. Bb2 Bf5 6. Bxf6 exf6 7. Nh4 Bh7 8.
Nc3 g5 9. Nf3 Qd7 10. O-O Bf5 11. Ne1 Be6 12. e3 O-O-O 13. Qf3 Be7 14. Nd3 h5
15. Na4 Bg4 16. Qxd5 Qxd5 17. Bxd5 Rxd5 18. Nc3 Rdd8 19. e4 Nb4 20. Nxb4 Bxb4
21. Nd5 f5 22. Nxb4 fxe4 23. d3 exd3 24. Nxd3 Be2 25. Rfe1 Bxd3 26. cxd3 Rxd3
27. Re7 Rd7 28. Rxd7 Kxd7 29. Rd1+ Kc8 30. Rd5 f6 31. Rf5 Rf8 32. h4 gxh4 33.
gxh4 Rd8 34. Rxh5 Rd1+ 35. Kg2 Rd2 36. Rf5 Rxa2 37. h5 Re2 38. h6 Re8 39. Rxf6
Rh8 40. Rg6 Kd8 41. f4 Ke8 42. f5 Kf8 43. Kf3 Rg8 44. h7 Rh8 45. Rh6 Kg7 46.
Rh4 Rxh7 47. Rxh7+ Kxh7 48. Ke4 Kg7 49. Ke5 Kf7 50. f6 a5 51. Kf5 b5 52. Ke5 a4
53. bxa4 bxa4 54. Kd4 Kxf6 55. Kc3 Ke5 56. Kb4 Kd4 57. Kxa4 c5 58. Kb3 Kd3 59.
Kb2 c4 60. Kc1 c3 61. Kd1 Kd4 62. Kc2 Kc4 63. Kc1 Kb4 64. Kc2 Kc4 65. Kc1 Kb3
66. Kb1 Ka3 67. Kc2 Kb4 68. Kc1 1/2-1/2

[Event "Tournoi francophone 011"]
[Site "Skype"]
[Date "????.??.??"]
[Round "4.13"]
[White "Rodriguez, Nathalie"]
[Black "Trivedi, Viral"]
[Result "0-1"]
[WhiteElo "1268"]
[BlackElo "1550"]
[PlyCount "44"]

1. d4 e6 2. Bf4 d5 3. e3 c5 4. c3 Nc6 5. Nf3 Nf6 6. Nbd2 Bd7 7. Be2 Be7 8. Ne5
O-O 9. Bg3 cxd4 10. cxd4 Rc8 11. Rc1 Nb4 12. a3 Rxc1 13. Qxc1 Nc6 14. Nxd7 Qxd7
15. O-O Rc8 16. f4 Nxd4 17. Qe1 Nxe2+ 18. Qxe2 Rc2 19. Rd1 Rxb2 20. Rc1 Ne4 21.
Rd1 Bxa3 22. Be1 Nc3 0-1

[Event "Tournoi francophone 011"]
[Site "Skype"]
[Date "????.??.??"]
[Round "4.14"]
[White "Hargez, Dany"]
[Black "Mimouni, Driss"]
[Result "1-0"]
[WhiteElo "1217"]
[BlackElo "1052"]
[PlyCount "119"]

1. e4 e5 2. d4 Nf6 3. Bg5 Be7 4. dxe5 Ng4 5. Bxe7 Qxe7 6. Qxg4 Qxe5 7. Nf3 Qxb2
8. c3 Qc1+ 9. Ke2 Qb2+ 10. Nfd2 Qxa1 11. Qxg7 Rf8 12. g3 Qxa2 13. Bh3 Nc6 14.
Re1 d6 15. Bf5 Bxf5 16. exf5 O-O-O 17. Kf1 Qa6+ 18. Kg1 Ne5 19. Qh6 Rfe8 20.
Ne4 Ng4 21. Qg5 Rg8 22. Qd2 Qc6 23. h3 d5 24. hxg4 dxe4 25. Qf4 Rh8 26. Rc1 h5
27. g5 Rde8 28. Nd2 e3 29. fxe3 Rh7 30. e4 Reh8 31. Nf3 Qc5+ 32. Kg2 Qd6 33. e5
Qc6 34. f6 h4 35. Qg4+ Kb8 36. gxh4 Rxh4 37. Qf5 Rh2+ 38. Kg3 R8h3+ 39. Qxh3
Rxh3+ 40. Kxh3 Qxf3+ 41. Kh2 Qf4+ 42. Kh3 Qxc1 43. e6 fxe6 44. f7 Qe3+ 45. Kh4
Qe1+ 46. Kh5 Qh1+ 47. Kg6 Qh8 48. c4 e5 49. Kf5 Qh7+ 50. g6 Qh5+ 51. Kf6 Qh8+
52. g7 Qh6+ 53. Kxe5 Qxg7+ 54. Ke6 Qf8 55. Kf6 Qd8+ 56. Kg7 Qd7 57. Kg8 Qg4+
58. Kf8 Qc8+ 59. Ke7 c5 60. Kd6 1-0

[Event "Tournoi francophone 011"]
[Site "Skype"]
[Date "????.??.??"]
[Round "4.15"]
[White "Porcabeuf, Jean-Marc"]
[Black "Sauvaget, Joel"]
[Result "0-1"]
[WhiteElo "1208"]
[BlackElo "1523"]
[PlyCount "64"]

1. e4 e5 2. Nf3 d6 3. d4 exd4 4. Nxd4 Nf6 5. Nc3 Be7 6. Bc4 Nbd7 7. O-O Ne5 8.
Bb3 O-O 9. f4 Ng6 10. e5 dxe5 11. fxe5 Nxe5 12. Bf4 Ng6 13. Bg5 Ng4 14. Bxe7
Qxe7 15. Nd5 Qd6 16. Nf5 Bxf5 17. Rxf5 Qxh2+ 18. Kf1 Qh1+ 19. Ke2 Qxg2+ 20. Kd3
N6e5+ 21. Kc3 Rae8 22. Ba4 Qh3+ 23. Kb4 Nh6 24. Bxe8 Qxf5 25. Bb5 c6 26. Bc4
cxd5 27. Bxd5 Nc6+ 28. Kb3 Qh3+ 29. c3 Nf5 30. Qd2 Nfe7 31. Be4 Na5+ 32. Ka3
Nc4+ 0-1

[Event "Tournoi francophone 011"]
[Site "Skype"]
[Date "????.??.??"]
[Round "4.16"]
[White "L'Herbon De Lussats, Jean"]
[Black "Maccaferri, Massimo"]
[Result "1-0"]
[WhiteElo "1501"]
[BlackElo "1160"]
[PlyCount "57"]

1. e4 e5 2. Nf3 Nc6 3. d4 exd4 4. Nxd4 Qe7 5. Nc3 Qe5 6. Ndb5 Bb4 7. Bd3 Bxc3+
8. Nxc3 Nb4 9. O-O d6 10. Qf3 h5 11. Bf4 Qe6 12. Rfe1 Qg6 13. Bb5+ c6 14. Bc4
Nxc2 15. e5 Nxa1 16. exd6+ Be6 17. Bd3 O-O-O 18. Bxg6 fxg6 19. Rxa1 Rxd6 20.
Bxd6 Nf6 21. Re1 Bd5 22. Qe2 Re8 23. Qd2 Ne4 24. Nxe4 Bxe4 25. f3 Kd7 26. Bc5+
Bd5 27. Bxa7 g5 28. Rxe8 Kxe8 29. Qxg5 1-0

[Event "Tournoi francophone 011"]
[Site "Skype"]
[Date "????.??.??"]
[Round "4.17"]
[White "Ramirez, Luis Antonio"]
[Black "Scata, Laura"]
[Result "1-0"]
[WhiteElo "1139"]
[BlackElo "1440"]
[PlyCount "87"]

1. e4 c6 2. Nc3 d5 3. d3 dxe4 4. dxe4 Qc7 5. g3 Nf6 6. Nf3 Bg4 7. Be2 Nbd7 8.
Be3 e6 9. a3 Be7 10. Bf4 Qb6 11. Rb1 O-O 12. h3 Bxf3 13. Bxf3 Rfd8 14. Na4 Qa5+
15. Nc3 Ne5 16. Qe2 Nxf3+ 17. Qxf3 e5 18. Be3 Rd7 19. O-O Rad8 20. Kg2 h6 21.
g4 Nh7 22. h4 Bxh4 23. Rh1 Bg5 24. Bxg5 Nxg5 25. Qe2 Rd2 26. Qe3 Rxc2 27. Rbd1
Rxb2 28. Rxd8+ Qxd8 29. Nd1 Rd2 30. Kg3 Qd4 31. Rf1 Qxe3+ 32. Nxe3 Nxe4+ 33.
Kf3 Ng5+ 34. Kg3 Rd3 35. Re1 Rxa3 36. Rd1 Ne4+ 37. Kf3 Nc5 38. Rg1 b5 39. g5 h5
40. g6 f6 41. Rd1 Rd3 42. Rc1 Na4 43. Rxc6 Rd7 44. Rc8+ 1-0

[Event "Tournoi francophone 011"]
[Site "Skype"]
[Date "????.??.??"]
[Round "4.18"]
[White "Milanese, Serge"]
[Black "De Fazio, Monica"]
[Result "0-1"]
[WhiteElo "1311"]
[BlackElo "1136"]
[PlyCount "110"]

1. d4 d5 2. Bf4 e6 3. e3 Bd7 4. Nf3 Nc6 5. c3 h6 6. Nbd2 Nf6 7. Ne5 Na5 8. b3
Ne4 9. Bd3 Nxc3 10. Qh5 Qe7 11. Ndf3 Bb5 12. Bxb5+ Nxb5 13. Nxf7 g6 14. Qxg6
Qxf7 15. Qxf7+ Kxf7 16. O-O Nc6 17. Rac1 Be7 18. a4 Ba3 19. Rc2 Nd6 20. h4 Rac8
21. h5 Nf5 22. Kh2 Bd6 23. Ne5+ Nxe5 24. dxe5 Be7 25. Rd2 Rhg8 26. g3 Rcd8 27.
Kh3 d4 28. e4 Ng7 29. g4 Bg5 30. Kg3 d3 31. f3 Rd4 32. Bxg5 hxg5 33. Kf2 c5 34.
Ke3 Rgd8 35. f4 gxf4+ 36. Rxf4+ Kg8 37. h6 Kh7 38. hxg7 Kxg7 39. Rf6 c4 40.
bxc4 Rxc4 41. Rxe6 Rdd4 42. Kf3 Rxe4 43. Rxd3 Rxg4 44. Rd7+ Kh8 45. Rh6+ Kg8
46. Rd8+ Kg7 47. Rhh8 Rcf4+ 48. Ke3 Re4+ 49. Kf3 Rgf4+ 50. Kg3 Kg6 51. Rdg8+
Kf5 52. Rf8+ Kg5 53. Rxf4 Rxf4 54. e6 Re4 55. Rg8+ Kf6 0-1

[Event "Tournoi francophone 011"]
[Site "Skype"]
[Date "????.??.??"]
[Round "4.19"]
[White "Schnell, Nicolas"]
[Black "Moumtaz, Abderrahim"]
[Result "0-1"]
[WhiteElo "1006"]
[BlackElo "1295"]
[PlyCount "104"]

1. e4 e5 2. c3 Nf6 3. Bc4 Bc5 4. d3 O-O 5. Qf3 d6 6. Qg3 Nh5 7. Qf3 Nf6 8. Qd1
Be6 9. Bxe6 fxe6 10. b4 Bb6 11. Nf3 d5 12. c4 dxe4 13. Nxe5 c6 14. c5 Bc7 15.
Ng4 exd3 16. Nh6+ gxh6 17. Bd2 Kh8 18. Qf3 Na6 19. O-O e5 20. Qg3 e4 21. Bxh6
Bxg3 22. fxg3 Rg8 23. Nd2 Nxb4 24. Rae1 Qd4+ 25. Kh1 Nxa2 26. Be3 Qb2 27. Nc4
Qb4 28. Ne5 Rad8 29. Nf7+ Kg7 30. Nh6 Rgf8 31. Nf5+ Kh8 32. Bh6 Rg8 33. Rf4 Rg6
34. Kg1 Qxc5+ 35. Re3 d2 36. Rf1 d1=Q 37. Rxd1 Rxd1+ 38. Kf2 Qxf5+ 39. Bf4 Rd2+
40. Ke1 Rxg2 41. Re2 Nb4 42. Rxg2 Nd3+ 43. Ke2 Nxf4+ 44. gxf4 Rxg2+ 45. Ke3
Rxh2 46. Kd4 Qxf4 47. Kc5 Rc2+ 48. Kd4 e3+ 49. Kd3 Rd2+ 50. Kc3 Qd4+ 51. Kb3
Rb2+ 52. Ka3 Qb4# 0-1

[Event "Tournoi francophone 011"]
[Site "Skype"]
[Date "????.??.??"]
[Round "4.20"]
[White "Trapletti, Cosetta"]
[Black "Douichi, Mohammed"]
[Result "0-1"]
[WhiteElo "1047"]
[BlackElo "1263"]
[PlyCount "113"]

1. d4 Nf6 2. Bf4 d5 3. e3 e6 4. Bd3 Nc6 5. Nf3 Bd6 6. Bg3 O-O 7. Nbd2 Re8 8.
Ne5 Nb4 9. Ndf3 c5 10. c3 Nxd3+ 11. Nxd3 cxd4 12. cxd4 Ne4 13. Nf4 e5 14. Bh4
Qa5+ 15. Kf1 exf4 16. Rc1 Bg4 17. Bg5 Nd2+ 18. Ke2 fxe3 19. h3 exf2+ 20. Kxf2
Ne4+ 21. Kg1 Nxg5 22. hxg4 Qxa2 23. Nxg5 h6 24. Nf3 Bf4 25. Rc5 Be3+ 26. Kh2
Qxb2 27. Qf1 Bxd4 28. Rxd5 Re2 29. Rg1 Bxg1+ 30. Nxg1 Rf2 31. Qd3 Rxg2+ 32. Kh3
Rh2+ 33. Kg3 Qg2+ 34. Kf4 g5+ 35. Kf5 Qf2+ 36. Nf3 Rh3 37. Qe4 Qg3 38. Kf6
Qxf3+ 39. Qxf3 Rxf3+ 40. Ke5 Re8+ 41. Kd6 Rd8+ 42. Ke5 Re3+ 43. Kd4 Rxd5+ 44.
Kxd5 Rg3 45. Kd6 Rxg4 46. Kc7 b5 47. Kb7 a5 48. Ka6 b4 49. Kb7 b3 50. Kb6 a4
51. Kb5 b2 52. Ka5 b1=Q 53. Ka6 Qb4 54. Ka7 Qc5+ 55. Kb8 Rb4+ 56. Ka8 Qc6+ 57.
Ka7 0-1

[Event "Tournoi francophone 011"]
[Site "Skype"]
[Date "????.??.??"]
[Round "4.22"]
[White "Trolese, Caterina"]
[Black "Vervoort, Jean-Louis"]
[Result "1-0"]
[WhiteElo "1000"]
[BlackElo "1224"]
[PlyCount "71"]

1. e4 e5 2. Bc4 Nf6 3. d3 Bb4+ 4. c3 Bc5 5. Nf3 d6 6. O-O h6 7. h3 O-O 8. d4
Bb6 9. Nbd2 Re8 10. b3 c6 11. Re1 Be6 12. dxe5 dxe5 13. Nxe5 Bxc4 14. bxc4 Rxe5
15. Qe2 g5 16. Nf3 Rxe4 17. Be3 Bxe3 18. fxe3 Nbd7 19. Rad1 Qe7 20. Qf2 Rxc4
21. Rd3 Ne4 22. Qc2 Rd8 23. g3 Qf6 24. Kg2 Nxc3 25. h4 Nc5 26. Rxd8+ Qxd8 27.
hxg5 hxg5 28. a3 g4 29. Nh4 Qd5+ 30. Kg1 N5e4 31. Rf1 Nxg3 32. Rf6 Qh1+ 33. Kf2
Qh2+ 34. Ng2 Qh1 35. Qg6+ Kf8 36. Qxf7# 1-0

[Event "Tournoi francophone 011"]
[Site "Skype"]
[Date "????.??.??"]
[Round "4.23"]
[White "Gagnon, Sindy"]
[Black "Morin, Claude"]
[Result "0-1"]
[WhiteElo "1032"]
[BlackElo "1001"]
[PlyCount "76"]

1. e4 e6 2. Nc3 c5 3. Nf3 d6 4. Bd3 Nc6 5. O-O Be7 6. b3 b6 7. Bb2 a6 8. Rb1
Nb4 9. Be2 Nf6 10. Na4 Bb7 11. c3 Bxe4 12. d3 Bc6 13. d4 Nbd5 14. Qd3 Nf4 15.
Qc4 b5 16. Qd3 Nxd3 17. Bxd3 bxa4 18. bxa4 O-O 19. Nh4 Nd5 20. dxc5 Bxh4 21.
cxd6 Rb8 22. Bxa6 Rb6 23. Bd3 Qxd6 24. a5 Ra6 25. Bxa6 Ra8 26. Be2 Rxa5 27. c4
Nf4 28. c5 Rxc5 29. Bf3 Bxf3 30. gxf3 Rc2 31. Ba1 Ne2+ 32. Kg2 Rxa2 33. Rfe1
Nf4+ 34. Kf1 Rxf2+ 35. Kg1 f6 36. Re4 Ng6 37. Rb5 f5 38. Ra4 Qd1# 0-1

[Event "Tournoi francophone 011"]
[Site "Skype"]
[Date "????.??.??"]
[Round "4.24"]
[White "Hampton, Irene"]
[Black "Malbec, Robert"]
[Result "0-1"]
[WhiteElo "1000"]
[BlackElo "1322"]
[PlyCount "78"]

1. e4 e5 2. Nf3 Nc6 3. Bc4 Bc5 4. O-O Nf6 5. d3 d6 6. Nbd2 O-O 7. a3 a6 8. b4
Nxb4 9. c3 Nc6 10. Re1 Re8 11. Qb3 Qe7 12. Ng5 Be6 13. Re3 Na5 14. Bd5 Nxb3 15.
Nxb3 Bxe3 16. Bxe3 Rab8 17. Na5 Bxd5 18. f3 h6 19. Nh3 Qd7 20. a4 Be6 21. Nf2
b5 22. Ba7 Ra8 23. Be3 bxa4 24. Nc4 Qb5 25. Rc1 Bxc4 26. Rd1 Bb3 27. Rd2 a3 28.
c4 Qb4 29. h3 a2 30. Nd1 a1=Q 31. Kf2 Bxd1 32. Ke1 Bxf3+ 33. Kf2 Bh5 34. g4 Bg6
35. g5 hxg5 36. Bxg5 Qh1 37. Kg3 Nh5+ 38. Kh4 Nf4 39. d4 Qxh3# 0-1

[Event "Tournoi francophone 011"]
[Site "Skype"]
[Date "????.??.??"]
[Round "4.25"]
[White "Canova, Felix"]
[Black "Tolaro, Filippa"]
[Result "0-1"]
[WhiteElo "1000"]
[BlackElo "1000"]
[PlyCount "68"]

1. e4 c6 2. Nc3 Nf6 3. d3 d5 4. Bg5 e6 5. Nf3 Be7 6. Be2 Nbd7 7. O-O O-O 8. d4
dxe4 9. Nd2 e5 10. dxe5 Nxe5 11. Ndxe4 Nxe4 12. Nxe4 Bxg5 13. Qxd8 Rxd8 14.
Nxg5 Rd2 15. Rae1 g6 16. Ne4 Rxc2 17. Nf6+ Kg7 18. Ne8+ Kf8 19. Nd6 Be6 20.
Nxb7 Rxb2 21. Nc5 Bxa2 22. Na4 Rd2 23. Nc3 Bb3 24. Nb1 Rb2 25. Na3 Rd8 26. Rb1
Rxe2 27. Rxb3 Ng4 28. Rh3 Nxf2 29. Rxf2 Rd1+ 30. Rf1 Rdd2 31. Rhf3 f5 32. Nc4
Rxg2+ 33. Kh1 Rxh2+ 34. Kg1 Rdg2# 0-1

[Event "Tournoi francophone 011"]
[Site "Skype"]
[Date "????.??.??"]
[Round "5.1"]
[White "Rapaire, Jean-Michel"]
[Black "Siret, Bernard"]
[Result "0-1"]
[WhiteElo "1701"]
[BlackElo "2063"]
[PlyCount "88"]

1. e4 c5 2. Nf3 d6 3. Bb5+ Nd7 4. O-O a6 5. Bc4 Ngf6 6. d3 h6 7. a4 b6 8. Nc3
e6 9. Re1 Bb7 10. h3 Be7 11. Bf4 O-O 12. Qd2 Kh7 13. d4 cxd4 14. Nd1 e5 15. Bh2
Qc7 16. Bd3 Nc5 17. b3 Kh8 18. Nb2 Ncxe4 19. Bxe4 Nxe4 20. Qd3 Nc3 21. Nd2 f5
22. f3 f4 23. Nbc4 Rac8 24. a5 b5 25. Nb6 Rcd8 26. Ne4 Bxe4 27. fxe4 Bh4 28. g3
fxg3 29. Bxg3 Bxg3 30. Qxg3 Rf4 31. Nd5 Nxd5 32. exd5 Rdf8 33. Re2 Qc5 34. Rg2
g5 35. Qd3 e4 36. Qd1 Qxd5 37. Qh5 Rh4 38. Qg6 Qe5 39. Rf1 Rxf1+ 40. Kxf1 Rxh3
41. Rf2 Rh1+ 42. Ke2 d3+ 43. cxd3 Qb2+ 44. Ke3 Re1+ 0-1

[Event "Tournoi francophone 011"]
[Site "Skype"]
[Date "????.??.??"]
[Round "5.2"]
[White "Deville, Olivier"]
[Black "Legueltel, Daniel"]
[Result "1-0"]
[WhiteElo "2081"]
[BlackElo "1617"]
[PlyCount "21"]

1. d4 b6 2. e4 Bb7 3. Bd3 d5 4. e5 Nd7 5. e6 Ndf6 6. exf7+ Kxf7 7. Nf3 e6 8.
O-O h6 9. Ne5+ Ke8 10. Ng6 Ne7 11. Nxh8 1-0

[Event "Tournoi francophone 011"]
[Site "Skype"]
[Date "????.??.??"]
[Round "5.3"]
[White "Lambert, Pierre"]
[Black "Gharbi, Said"]
[Result "1-0"]
[WhiteElo "1902"]
[BlackElo "1598"]
[PlyCount "52"]

1. e4 e5 2. Nf3 Nc6 3. d4 exd4 4. Nxd4 d5 5. exd5 Qxd5 6. Be3 Bc5 7. c3 Bf5 8.
Nxf5 Qxf5 9. Bd3 Qe5 10. Qe2 Bxe3 11. fxe3 Qf6 12. Nd2 O-O-O 13. O-O-O Ne5 14.
Ne4 Qc6 15. Ng5 Nf6 16. Rhf1 h6 17. Nf3 Nxd3+ 18. Rxd3 Rxd3 19. Qxd3 Rd8 20.
Nd4 Qxg2 21. Qf5+ Kb8 22. Rd1 Ka8 23. Qe5 Rd7 24. Nb5 Rxd1+ 25. Kxd1 Qf1+ 26.
Kc2 Qxb5 1-0